تاريخ العلوم والتكنولوجيا : (Record no. 14917)

MARC details
000 -الفاتح
حقل البيانات ثابتة الطول 00986nam a22002177a 4500
008 - عناصر البيانات ثابتة الطول - معلومات عامة
حقل البيانات ثابتة الطول 110119s2008 ua|||||r|||| 000 0 ara d
020 ## - الرقم الدولى المعيارى للكتب
الرقم الدولى المعيارى للكتاب 9789774205631
082 ## - رقم تصنيف ديوى العشرى
رقم التصنيف 509
رقم المادة س ل ي
100 ## - المدخل الرئيسى - إسم شخصى
9 (RLIN) 22047
الإسم الشخصى سليمان ، مصطفى محمود
245 ## - بيان العنوان
العنوان تاريخ العلوم والتكنولوجيا :
بقية العنوان في العصور القديمة والوسطى ومكانة الحضارة الإسلامية فيه /
بيان المسئوليه,etc تأليف مصطفى محمود سليمان
250 ## - بيان الطبعة
بيان الطبعة ط2، منقحة ومزيدة
260 ## - PUBLICATION, DISTRIBUTION, ETC. (IMPRINT)
مكان الناشر او الموزع القاهرة :
اسم الناشر او الموزع الهيئة المصرية العامة للكتاب ، 2008
تاريخ النشر أو التوزيع 2008
300 ## - الوصف المادى
التعداد 759 ص :
تفاصيل ماديه اخرى للوعاء صور ؛
أبعاد الوعاء 22 سم
336 ## - نوع المحتوى
source rdacontent
Carrier Type Term نص
Content Type Code txt
337 ## - نوع الوسيط
Media Type Term بدون وسيط
source rdamedia
Media Type Code n
338 ## - نوع الحامل أو الناقل
Carrier Type Term مجلد
Carrier Type Code nc
source rdacarrier
504 ## - تبصرة ببليوجرافية
تبصرة ببليوجرافية,الخ ببليوجرافية : ص739-759
541 ## - تبصرة المصدر المباشر للتزويد
مصدر التزويد د. مصطفى محمود سليمان ؛
طريقة التزويد إهداء ؛
650 ## - المدخل الاضافى بالموضوع-مصطلح موضوعى
9 (RLIN) 16609
مصطلح موضوعي أو اسم جغرافي كعنصر مدخل العلوم
التقسيم الفرعي العام تاريخ
942 ## - عناصر المدخل الإضافي( كوها)
مصدر التصنيف او مخطط الترفيف Dewey Decimal Classification
Koha [default] item type Book - Borrowing
جزء التصنيف RDA-MOD
Holdings
حالة التراجع حالة الفقد مصدر التصنيف او خطة الترفيف حالة تلف ليس للاعارة مجموعات كوها المكان الدائم المكان الحالي موقع الترفيف تاريخ الاكتساب Source of acquisition رقم الاستدعاء الباركود Date last seen مُعار نوع الوعاء
    Dewey Decimal Classification       Central Library Central Library First floor 19/01/2011 Donation 509 س ل ي 000022751 15/07/2025 18/03/2014 Book - Borrowing